|
|
|
|
| LEADER |
00000cam a2200000 7i4500 |
| 001 |
0000006716 |
| 005 |
20151222.0 |
| 008 |
070820 |
| 020 |
|
|
|a 9832576424
|
| 020 |
|
|
|a 9832576505(set)
|
| 090 |
0 |
0 |
|a JF
|b SC ENG (6398)
|
| 100 |
0 |
|
|a Carole Chung
|
| 245 |
1 |
4 |
|a The amazing animal kingdom
|c Carole Chung
|
| 260 |
|
|
|a Kuala Lumpur :
|b Pekan Ilmu Publications ,
|c 2004
|
| 440 |
|
|
|a Science kids series
|
| 500 |
|
|
|a Children ages 7-9 years old (orange)
|
| 650 |
|
0 |
|a Junior fiction
|x English
|x Languages
|
| 650 |
|
0 |
|a Science
|
| 710 |
0 |
|
|a Title
|
| 999 |
|
|
|a 0000986671
|b Book
|c Children Collection
|e Perbadanan Perpustakaan Awam Johor
|
| 999 |
|
|
|a 0000986672
|b Book
|c Children Collection
|e Perbadanan Perpustakaan Awam Johor
|
| 999 |
|
|
|a 0000987352
|b Book
|c Children Collection
|e Cawangan Bandar Penawar
|
| 999 |
|
|
|a 0000987353
|b Book
|c Children Collection
|e Cawangan Bandar Penawar
|
| 999 |
|
|
|a 0000987354
|b Book
|c Children Collection
|e Cawangan Mersing
|
| 999 |
|
|
|a 0000987355
|b Book
|c Children Collection
|e Cawangan Mersing
|
| 999 |
|
|
|a 0000987356
|b Book
|c Children Collection
|e Cawangan Pontian
|